Effect of irrigation frequency and weed management on growth and yield of sesame / Ms Thesis (Record no. 13574)

MARC details
000 -LEADER
fixed length control field 00821nam a22002417a 4500
003 - CONTROL NUMBER IDENTIFIER
control field BD-DhSAU
005 - DATE AND TIME OF LATEST TRANSACTION
control field 20170809163003.0
008 - FIXED-LENGTH DATA ELEMENTS--GENERAL INFORMATION
fixed length control field 161006b2015 bg ad||| |||| 00| 0 eng d
040 ## - CATALOGING SOURCE
Original cataloging agency BD-DhSAU
082 ## - DEWEY DECIMAL CLASSIFICATION NUMBER
Edition number 22
Classification number 630
Item number Is41
100 ## - MAIN ENTRY--PERSONAL NAME
Personal name Islam, Zohirul
245 ## - TITLE STATEMENT
Title Effect of irrigation frequency and weed management on growth and yield of sesame / Ms Thesis
Statement of responsibility, etc. Zohirul Islam
260 ## - PUBLICATION, DISTRIBUTION, ETC. (IMPRINT)
Place of publication, distribution, etc. Dhaka :
Name of publisher, distributor, etc. Sher- e- Bangla Agricultural University , Department of Agronomy
Date of publication, distribution, etc. 2015
300 ## - PHYSICAL DESCRIPTION
Extent xiv , 63 p. :
Other physical details ill. ;
Dimensions 30 cm.
590 ## - Name of Cataloguer
Name of Cataloger Kamim
650 ## - SUBJECT ADDED ENTRY--TOPICAL TERM
Topical term or geographic name as entry element Agriculture
650 ## - SUBJECT ADDED ENTRY--TOPICAL TERM
Topical term or geographic name as entry element Agronomy
650 ## - SUBJECT ADDED ENTRY--TOPICAL TERM
Topical term or geographic name as entry element Effect of irrigation frequency
650 ## - SUBJECT ADDED ENTRY--TOPICAL TERM
Topical term or geographic name as entry element Weed management on growth and yield of sesame
700 ## - ADDED ENTRY--PERSONAL NAME
Personal name Islam, Md. Shahidul
Relator code Supervisor
700 ## - ADDED ENTRY--PERSONAL NAME
Personal name Karim, Md. Fazlul
Relator code Co-Supervisor
942 ## - ADDED ENTRY ELEMENTS (KOHA)
Source of classification or shelving scheme Dewey Decimal Classification
Koha item type MS Level Thesis
Holdings
Withdrawn status Lost status Source of classification or shelving scheme Damaged status Not for loan Collection code Home library Branch Name Shelving location Date acquired Total Checkouts Full call number Barcode Date last seen Price effective from Koha item type
    Dewey Decimal Classification   Not For Loan Reference SAU Library SAU Library Reference 31/10/2016   630 Is41 39744 01/11/2016 01/11/2016 MS Level Thesis